Maestros y claves de la postura

Guardat en:
Dades bibliogràfiques
Autors principals: Freres, Michel (Autor), Mairlot, Marie-Bernadette (Autor)
Format: Llibre
Idioma:espanyol
Publicat: Barcelona Paidotribo 2000
Edició:1a. ed
Col·lecció:Colección Fisioterapia y Terapias Manuales
Matèries:
Etiquetes: Afegir etiqueta
Sense etiquetes, Sigues el primer a etiquetar aquest registre!

MARC

LEADER 00000nam a2200000 a 4500
001 UCH3148
003 CL-VaPUC
008 090715e20000000SP |||||||||||||||||spa|d
020 |a 8480194642 
082 0 4 |a 613.78  |b FRE  |2 21 
100 0 |a Freres, Michel  |e author  |9 538310 
700 0 |a Mairlot, Marie-Bernadette  |e author  |9 538311 
245 1 0 |a Maestros y claves de la postura 
250 |a 1a. ed 
300 |a 242 p 
942 |c BK 
945 |d 20090715 00:00:00  |a cmena 
260 |a Barcelona  |b Paidotribo  |c 2000 
650 7 |a POSTURA CORRECTA  |2 CL-VaPUC  |9 538312 
650 7 |a ERGONOMIA  |2 CL-VaPUC  |9 357101 
650 0 |a Fisioterapia  |9 307408 
650 7 |a OSTEOPATIAS  |2 CL-VaPUC  |9 538313 
650 0 |a Cinesiología  |9 476132 
583 |a last modification  |c 20090715 00:00:00  |k Rodrigo Vera 
490 0 |a Colección Fisioterapia y Terapias Manuales 
999 |c 334774  |d 334772 
952 |0 0  |1 0  |4 0  |6 613_780000000000000_FRE_2000  |7 0  |8 A  |9 423953  |a BIBCUR  |b BIBCUR  |d 2019-11-22  |i 1087819  |o 613.78 FRE 2000  |p 1087819  |r 2025-04-22  |w 2019-11-22  |y BK  |k KIN